| 000 | 00437cam a22001217a 4500 | ||
|---|---|---|---|
| 008 | 180718b2002 xxu||||| |||| 00| 0 eng d | ||
| 100 | _aPsacharopoulos, George | ||
| 245 |
_aReturns to investment in education: a further update _cby George Psacharopoulos and Harry Anthony Patrinos |
||
| 260 |
_aWashington, D.C. _bWorld Bank _c2002 |
||
| 300 | _a28p. | ||
| 440 | _aPolicy Research Working Paper, No.2881 | ||
| 700 | _aPatrinos, Harry Anthony | ||
| 999 |
_c288670 _d288670 |
||